Logo BPK

Biblioteka

Politechniki Koszalińskiej

Plan kont z komentarzem : (Rekord nr 40523)

Szczegóły MARC
000 -ETYKIETA REKORDU
podpole kontrolne o stałej długości 01014nam a2200241 i 4500
001 - NUMER KONTROLNY REKORDU
pole kontrolne bg
020 ## - MIĘDZYNARODOWY ZNORMALIZOWANY NUMER KSIĄŻKI - ISBN
ISBN 8371875606
040 ## - ŹRÓDŁO KATALOGOWANIA
Instytucja, która utworzyła rekord BPK
041 0# - KOD JĘZYKA
Kod języka tekstu pl
080 ## - UNIWERSALNA KLASYFIKACJA DZIESIĘTNA - UKD
UKD 346.52(438)
920 ## - Międzynarodowy znormalizowany numer książki – ISBN
ISBN 83-71875-60-6
008 - POLE O STAŁEJ DŁUGOŚCI - DANE KONTROLNE
podpole kontrolne o stałej długości s pl f |000 0 pol
100 1# - NAZWA OSOBOWA
Nazwa osobowa GIERUSZ, Jerzy
Daty związane z nazwą (1952- )
245 10 - TYTUŁ/ODPOWIEDZIALNOŚĆ
Tytuł Plan kont z komentarzem :
Ciąg dalszy tytułu handel, produkcja, usługi /
Pozostałe elementy strefy tytułu i oznaczenia odpowiedzialności Jerzy Gierusz.
250 ## - STREFA WYDANIA
Oznaczenie wydania Wyd. 10.
260 ## - STREFA ADRESU WYDAWNICZEGO
Miejsce wydania Gdańsk :
Nazwa wydawcy/dystrybutora Ośrodek Doradztwa i Doskonalenia Kadr,
Data publikacji, dystrybucji/powstania dokumentu 2002.
300 ## - STREFA OPISU FIZYCZNEGO
Objętość 583 s. ;
Rozmiary 22 cm.
500 ## - UWAGI OGÓLNE
Tekst uwagi Zgodny z wymogami ustawy o rachunkowości (z dnia 29 września 1994 r. Dz. U. Nr 121 poz. 591. z późn. zm.) z uwzględnieniem nowelizacji ustawy o rachunkowości (z dnia 9 listopada 2000 r., Dz. U. Nr 113, poz. 1186) obowiązującej od 1 stycznia 2002 roku.
504 ## - UWAGA DOTYCZĄCA BIBLIOGRAFII
Informacje o bibliografii Bibliogr., wykaz aktów prawnych.
650 #9 - HASŁO PRZEDMIOTOWE W FORMIE NAZWY OGÓLNEJ LUB JEDNOSTKOWEJ
Nazwa ogólna lub geograficzna Konto
Określnik ogólny prawo
Określnik geograficzny Polska
Określnik chronologiczny stan na 2000 r.
856 ## - LOKALIZACJA I DOSTĘP DO ELEKTRONICZNYCH DOKUMENTÓW ZDALNYCH
Link (URL) http://koha.tu.koszalin.pl/cgi-bin/koha/opac-detail.pl?biblionumber=40523
Tekst linku Katalog online BPK
942 ## - DODATKOWE ELEMENTY (KOHA)
Typ dokumentu Książka
Egzemplarze
Wycofany Status egzemplarza Uszkodzony Dostępność Lokalizacja stała Lokalizacja bieżąca Miejsce przechowywania Sygnatura Kod kreskowy Typ dokumentu Ostatnio wypożyczono
      Tylko na miejscu Biblioteka Politechniki Koszalińskiej Biblioteka Politechniki Koszalińskiej Czytelnia Wydziałowa ul. Kwiatkowskiego 6e 61675 01630435 Książka  
      Dostępny Biblioteka Politechniki Koszalińskiej Biblioteka Politechniki Koszalińskiej Wypożyczalnia BG 61676 01630428 Książka  
      Dostępny Biblioteka Politechniki Koszalińskiej Biblioteka Politechniki Koszalińskiej Wypożyczalnia BG 61677 01630411 Książka 25.01.2017
© 2023 Biblioteka Politechniki Koszalińskiej :: KOHA